[Event "Tromsoe NNM Class2"]
[Site "Tromsoe"]
[Date "2017.06.05"]
[Round "6"]
[White "Natvig, Hakon Tonulltre"]
[Black "Knutsen, Paal Egil"]
[Result "1-0"]
[WhiteElo "1629"]
[BlackElo "1690"]
[PlyCount "107"]
[EventDate "2017.06.02"]
[EventType "swiss"]
[EventRounds "6"]
[EventCountry "NOR"]
[SourceTitle "EXT 2024"]
[Source "ChessBase"]
[SourceDate "2023.10.10"]
[SourceVersion "1"]
[SourceVersionDate "2023.10.10"]
[SourceQuality "1"]

1. Nf3 d5 2. d4 Bf5 3. c4 dxc4 4. Nc3 Nf6 5. Bg5 Ne4 6. Qa4+ c6 7. Qxc4 Nxg5 8. Nxg5 e6 9. Nf3 Qb6 10. Qb3 Qxb3 11. axb3 Bb4 12. Rc1 Nd7 13. e3 a5 14. Nh4 Be4 15. Kd1 Nf6 16. Nf3 0-0 17. Ne5 Rab8 18. f3 Bd5 19. Bc4 Rfd8 20. Ke2 Nd7 21. Nd3 Bxc3 22. bxc3 Bxc4 23. bxc4 b5 24. cxb5 cxb5 25. Ra1 a4 26. Nb4 Rb6 27. Rhb1 Rc8 28. Kd2 Nb8 29. Nd3 Nd7 30. Rb4 Rbb8 31. Rab1 Nb6 32. Nc5 Nc4+ 33. Kd3 Na3 34. R1b2 Rd8 35. Nxa4 Nc4 36. R2b3 Ne5+ 37. Ke2 Ra8 38. Nb2 Ng6 39. Rxb5 Rdc8 40. c4 Rd8 41. f4 Ne7 42. Kf3 g6 43. Nd3 Kg7 44. Rb7 Nc6 45. Ne5 Nxe5+ 46. fxe5 Ra1 47. R3b6 Ra3 48. Rd6 Re8 49. c5 Rc3 50. Rdd7 Rf8 51. h4 Rc1 52. g3 Rf1+ 53. Ke4 Ra1 54. c6 1-0

[Event "Tromsoe NNM Class2"]
[Site "Tromsoe"]
[Date "2017.06.04"]
[Round "4"]
[White "Natvig, Hakon Tonulltre"]
[Black "Shabalin, Vladimir"]
[Result "0-1"]
[WhiteElo "1629"]
[BlackElo "1654"]
[PlyCount "156"]
[EventDate "2017.06.02"]
[EventType "swiss"]
[EventRounds "6"]
[EventCountry "NOR"]
[SourceTitle "EXT 2024"]
[Source "ChessBase"]
[SourceDate "2023.10.10"]
[SourceVersion "1"]
[SourceVersionDate "2023.10.10"]
[SourceQuality "1"]

1. Nf3 d5 2. d4 Nf6 3. c4 Nc6 4. Nc3 e6 5. Bg5 Be7 6. e3 h6 7. Bxf6 Bxf6 8. a3 0-0 9. Bd3 dxc4 10. Bxc4 Na5 11. Ba2 b6 12. b4 Nc6 13. Ne4 Bb7 14. 0-0 Nb8 15. Ng3 Qe7 16. Rc1 a5 17. Qc2 Bxf3 18. gxf3 axb4 19. Bb1 g6 20. axb4 c6 21. Ne4 Bg7 22. Qc4 Rc8 23. b5 Ra5 24. Bd3 Rc7 25. Qc2 h5 26. f4 h4 27. h3 Bh6 28. Kh2 Raa7 29. Qb2 f5 30. Nd2 c5 31. Nf3 Nd7 32. Rg1 Kh7 33. dxc5 Rxc5 34. Rxc5 Nxc5 35. Ne5 Bg7 36. Bc2 Qc7 37. Ra1 Rxa1 38. Qxa1 Nd7 39. Bb3 Nxe5 40. Qa2 Nd3 41. Bxe6 Qe7 42. Kg2 Nc5 43. Bd5 Ne4 44. Qa8 Nf6 45. Bc6 Qc7 46. Qa2 Bf8 47. Qe6 Kg7 48. Kf3 Bc5 49. Kg2 Qe7 50. Qc8 Ne4 51. Bd5 Nf6 52. Bc6 Bd6 53. Kf3 Qc7 54. Qe6 Qd8 55. Kg2 Ng8 56. Bd5 Qf8 57. Qd7+ Qe7 58. Qc8 Nh6 59. Kf3 Nf7 60. Bc4 Qc7 61. Qe6 Qe7 62. Qd5 Qe4+ 63. Qxe4 fxe4+ 64. Kxe4 Nh6 65. Be6 Kf6 66. Bd7 Nf7 67. f3 g5 68. fxg5+ Nxg5+ 69. Kd5 Bc5 70. f4 Nf3 71. Bg4 Nh2 72. Ke4 Nxg4 73. hxg4 h3 74. Kf3 Bxe3 75. f5 h2 76. Kg2 Bf4 77. Kh1 Kg5 78. Kg2 Be5 0-1

[Event "Sortland CC-ch"]
[Site "Sortland"]
[Date "2017.04.18"]
[Round "4"]
[White "Walter, Werner"]
[Black "Natvig, Hakon Tonulltre"]
[Result "1/2-1/2"]
[WhiteElo "1669"]
[BlackElo "1634"]
[PlyCount "64"]
[EventDate "2017.03.21"]
[EventType "swiss"]
[EventRounds "6"]
[EventCountry "NOR"]
[SourceTitle "EXT 2024"]
[Source "ChessBase"]
[SourceDate "2023.10.10"]
[SourceVersion "1"]
[SourceVersionDate "2023.10.10"]
[SourceQuality "1"]

1. d4 d5 2. Bf4 Nf6 3. e3 c6 4. c3 Bf5 5. Nf3 Nbd7 6. Be2 e6 7. 0-0 Be7 8. Nbd2 0-0 9. Ne5 Nxe5 10. dxe5 Ne4 11. Nxe4 Bxe4 12. Bg3 f6 13. Bg4 Bf5 14. Bxf5 exf5 15. Qd3 fxe5 16. Bxe5 Bd6 17. Bxd6 Qxd6 18. Rad1 Qe6 19. Rfe1 Rad8 20. Qd4 b6 21. Rd3 Qe4 22. f3 Qxd4 23. exd4 Rde8 24. Rde3 Kf7 25. Kf2 f4 26. Rxe8 Rxe8 27. Rxe8 Kxe8 28. g3 fxg3+ 29. hxg3 Kf7 30. Ke3 Ke6 31. Kf4 Kf6 32. g4 h6 1/2-1/2

[Event "Sortland CC-ch"]
[Site "Sortland"]
[Date "2014.10.23"]
[Round "4"]
[White "Larsen, Martin Halsvik"]
[Black "Natvig, Hakon Tonulltre"]
[Result "1-0"]
[WhiteElo "1865"]
[BlackElo "1333"]
[PlyCount "85"]
[EventDate "2014.10.02"]
[EventType "swiss"]
[EventRounds "7"]
[EventCountry "NOR"]
[SourceTitle "EXT 2024"]
[Source "ChessBase"]
[SourceDate "2023.10.10"]
[SourceVersion "1"]
[SourceVersionDate "2023.10.10"]
[SourceQuality "1"]

1. e4 c6 2. d4 d5 3. e5 Bf5 4. c3 e6 5. Be3 Ne7 6. Ne2 Bxb1 7. Rxb1 Nf5 8. Ng3 Nxe3 9. fxe3 Be7 10. Bd3 Bh4 11. Qf3 Qg5 12. 0-0 Rf8 13. Nh5 Qh6 14. g3 Bg5 15. Nf4 Nd7 16. b4 a6 17. c4 dxc4 18. Bxc4 Nb6 19. Bd3 Bxf4 20. gxf4 Ke7 21. Rf2 f5 22. b5 axb5 23. Rg2 Nd5 24. Bxb5 Nc3 25. Rb3 Nxb5 26. Rxb5 Rfb8 27. Rb6 Kd7 28. Rc2 Qg6+ 29. Kf2 Qg4 30. Rxb7+ Rxb7 31. Qxc6+ Kd8 32. Qd6+ Ke8 33. Qxe6+ Re7 34. Qg8+ Kd7 35. Qd5+ Ke8 36. Qxa8+ Kf7 37. Qd5+ Kg6 38. Qg2 Kf7 39. Qxg4 fxg4 40. e4 Ra7 41. f5 h5 42. Ke3 Ra3+ 43. Kf4 1-0